Pole v osvetľovacej technike : Habil.práca : Obh. 19.10.1965 /

Saved in:
Bibliographic Details
Main Author: Chalupka, Milan (Author)
Format: Manuscript Book
Published: Bratislava : SVŠT v Bratislave EF, 1965
Tags: Add Tag
No Tags, Be the first to tag this record!

MARC

LEADER 00000ntm a22000003a 4500
001 stu7260
005 20150617225808.8
008 ------s1965----------------------------d
040 |a STU  |b slo 
041 0
100 1 |a Chalupka, Milan  |4 aut 
245 1 |a Pole v osvetľovacej technike :  |b Habil.práca : Obh. 19.10.1965 /  |c [aut.] Chalupka,Milan, Ing. CSc 
260 |a Bratislava :  |b SVŠT v Bratislave EF,  |c 1965 
300 |a 76 s 
996 |b 284ED00882  |c E*HABIL-9  |l EE01  |s A  |a 24  |w stu7260_0001